[Event "Plzen, JF D"]
[Site "?"]
[Date "1999.??.??"]
[Round "5.3"]
[White "Dolezal, Ru"]
[Black "Mencl, S."]
[Result "1/2-1/2"]
[WhiteElo "1604"]
[BlackElo "1634"]
[PlyCount "76"]
[EventDate "1999.??.??"]
[Source "ChessBase"]
[SourceDate "1996.11.15"]

1. e4 e5 2. Nf3 Nc6 3. Bc4 Nf6 4. Qe2 Bc5 5. c3 d6 6. h3 O-O 7. b4 Bb6 8. d3 a6
9. Be3 Bxe3 10. Qxe3 Ne7 11. Nbd2 Be6 12. d4 Bxc4 13. Nxc4 exd4 14. Nxd4 Ng6
15. O-O Re8 16. f3 Nd5 17. Qd2 Ndf4 18. Ne2 Qg5 19. Nxf4 Qxf4 20. Qxf4 Nxf4 21.
Rf2 Re6 22. Rd1 Kf8 23. Ne3 Re5 24. c4 g6 25. Nd5 Nxd5 26. Rxd5 Rae8 27. Rfd2
f5 28. Rxe5 Rxe5 29. Rd5 Rxd5 30. cxd5 fxe4 31. fxe4 Kf7 32. Kf2 Kf6 33. Kf3
Ke5 34. Ke3 c6 35. dxc6 bxc6 36. a4 g5 37. g3 h5 38. Kd3 Kf6 1/2-1/2

[Event "Plzen, JF D"]
[Site "?"]
[Date "1999.??.??"]
[Round "5.4"]
[White "Orlicek, K."]
[Black "Jirusek, Z."]
[Result "0-1"]
[WhiteElo "1674"]
[BlackElo "1821"]
[PlyCount "100"]
[EventDate "1999.??.??"]
[Source "ChessBase"]
[SourceDate "1996.11.15"]

1. d4 Nf6 2. Nf3 d5 3. Bg5 e6 4. e3 c5 5. Bb5+ Bd7 6. Bxd7+ Nbxd7 7. c3 Be7 8.
dxc5 Nxc5 9. Nbd2 Nd3+ 10. Ke2 Nc5 11. Nb3 Qb6 12. Ne5 Nce4 13. Bxf6 Bxf6 14.
Ng4 Bxc3 15. f3 Bxb2 16. fxe4 Bxa1 17. Qxa1 O-O 18. Qe5 Qa6+ 19. Kf3 f5 20.
Nh6+ gxh6 21. Qg3+ Kf7 22. exf5 Ke8 23. Nd4 Qd3 24. Qd6 Qe4+ 25. Ke2 Qxg2+ 26.
Kd3 Qe4+ 27. Kd2 Rc8 28. Rc1 Rxc1 29. Kxc1 Qxe3+ 30. Kc2 exf5 31. Qb8+ Kf7 32.
Qxb7+ Kg6 33. Qc6+ Rf6 34. Qa4 Qe4+ 35. Kd2 Rb6 36. Kc3 Qe1+ 37. Kd3 Qb1+ 38.
Ke3 f4+ 39. Kxf4 Rf6+ 40. Ke3 Qc1+ 41. Kd3 Qc4+ 42. Qxc4 dxc4+ 43. Kxc4 Rf2 44.
a4 Rxh2 45. Kb5 Rb2+ 46. Ka5 h5 47. Nc6 h4 48. Ne5+ Kf5 49. Nc4 Re2 50. Nd6+
Kg4 0-1

[Event "Plzen, JF D"]
[Site "?"]
[Date "1999.??.??"]
[Round "5.5"]
[White "Rerabek, J."]
[Black "Smekal, Z."]
[Result "1/2-1/2"]
[WhiteElo "1579"]
[BlackElo "1894"]
[PlyCount "34"]
[EventDate "1999.??.??"]
[Source "ChessBase"]
[SourceDate "1996.11.15"]

1. e4 e5 2. Nf3 Nc6 3. Bc4 Bc5 4. c3 Nf6 5. d4 exd4 6. O-O dxc3 7. e5 d5 8.
exf6 dxc4 9. Qxd8+ Nxd8 10. Nxc3 Be6 11. Ne4 Bf8 12. Bf4 Rc8 13. Be5 g6 14. Bf4
Nc6 15. Rfe1 h6 16. a3 b6 17. Rad1 Na5 1/2-1/2

[Event "Plzen, JF D"]
[Site "?"]
[Date "1999.??.??"]
[Round "5.6"]
[White "Kasik, M."]
[Black "Cigan, K."]
[Result "1-0"]
[WhiteElo "1869"]
[BlackElo "1550"]
[PlyCount "94"]
[EventDate "1999.??.??"]
[Source "ChessBase"]
[SourceDate "1996.11.15"]

1. e4 d6 2. d4 g6 3. Be2 Bg7 4. Be3 Nf6 5. Nd2 O-O 6. h3 Nbd7 7. c3 e5 8. d5 c5
9. Ngf3 a6 10. Qc2 b5 11. Nh2 Nb6 12. g4 h6 13. Nhf1 Bb7 14. g5 hxg5 15. Bxg5
Kh7 16. Ne3 Qc7 17. h4 Rh8 18. h5 Nxh5 19. Bxh5 gxh5 20. Nf5 f6 21. Be3 Kg8 22.
Rg1 Rh7 23. Bh6 Kf7 24. Bxg7 Rg8 25. O-O-O Rhxg7 26. Rxg7+ Rxg7 27. Nxg7 Kxg7
28. Rg1+ Kf8 29. Qd1 Qf7 30. Rh1 Nxd5 31. exd5 Qxd5 32. Rxh5 Qg2 33. f3 d5 34.
Qh1 Qxh1+ 35. Rxh1 d4 36. cxd4 cxd4 37. Rh7 Bd5 38. a3 a5 39. Ra7 a4 40. Rc7
Bf7 41. Ne4 f5 42. Nd2 Bg6 43. Rc5 e4 44. fxe4 fxe4 45. Nxe4 Bxe4 46. Rxb5 d3
47. Rb4 Bc6 1-0

[Event "Plzen, JF D"]
[Site "?"]
[Date "1999.??.??"]
[Round "5.7"]
[White "Zvolanek, J."]
[Black "Drahorad, D."]
[Result "1-0"]
[WhiteElo "1666"]
[BlackElo "1720"]
[PlyCount "55"]
[EventDate "1999.??.??"]
[Source "ChessBase"]
[SourceDate "1996.11.15"]

1. e4 e6 2. d4 d5 3. e5 c5 4. c3 Nc6 5. Nf3 Qb6 6. a3 cxd4 7. cxd4 Bd7 8. Nc3
f6 9. Bd3 fxe5 10. Nxe5 Nf6 11. Be3 Be7 12. O-O O-O 13. Nxd7 Nxd7 14. Qg4 Ncb8
15. f4 Nf6 16. Qh3 Rf7 17. f5 exf5 18. Bxf5 Qxb2 19. Bg5 Qb6 20. Be6 Qxd4+ 21.
Kh1 Qe5 22. Bxf7+ Kxf7 23. Bxf6 Bxf6 24. Rae1 Qg5 25. Qe6+ Kg6 26. Re3 d4 27.
Qe8+ Kh6 28. Rh3+ 1-0

[Event "Plzen, JF D"]
[Site "?"]
[Date "1999.??.??"]
[Round "5.8"]
[White "Studnicka, J."]
[Black "Satanek, M."]
[Result "1-0"]
[WhiteElo "1250"]
[BlackElo "1475"]
[PlyCount "87"]
[EventDate "1999.??.??"]
[Source "ChessBase"]
[SourceDate "1996.11.15"]

1. d4 Nf6 2. Nf3 d5 3. e3 Bf5 4. c4 c6 5. Nc3 Nbd7 6. Qb3 Qb6 7. c5 Qc7 8. Nh4
Bg4 9. Bd3 e5 10. f3 Be6 11. O-O Be7 12. Nf5 Bxf5 13. Bxf5 exd4 14. exd4 O-O
15. Bg5 Rfe8 16. Rfe1 Bf8 17. Ne2 b6 18. Bf4 Qd8 19. cxb6 axb6 20. Rac1 Rc8 21.
Bg5 Be7 22. Nf4 Rc7 23. Qa4 Nb8 24. Nd3 h6 25. Bf4 Bd6 26. Ne5 Nh5 27. Bd2 Bxe5
28. dxe5 g5 29. Qg4 Ng7 30. Bc2 Qd7 31. Qg3 Nh5 32. Qf2 c5 33. h4 Qe7 34. hxg5
hxg5 35. g4 Nf4 36. Qh2 Qe6 37. Bf5 Qc6 38. Bxf4 gxf4 39. Qh7+ Kf8 40. Rc2 Nd7
41. Rce2 c4 42. e6 fxe6 43. Bxe6 Qc5+ 44. Kg2 1-0

[Event "Plzen, JF D"]
[Site "?"]
[Date "1999.??.??"]
[Round "5.9"]
[White "Simana, J."]
[Black "Beran, J."]
[Result "1-0"]
[WhiteElo "1684"]
[BlackElo "1550"]
[PlyCount "77"]
[EventDate "1999.??.??"]
[Source "ChessBase"]
[SourceDate "1996.11.15"]

1. d4 d5 2. Nf3 Nf6 3. Bg5 e6 4. e3 Be7 5. Nbd2 b6 6. c3 O-O 7. Bd3 Bb7 8. O-O
Ne4 9. Bxe7 Qxe7 10. Qc2 Nf6 11. Rac1 Nbd7 12. Ne5 g6 13. f4 c5 14. b3 Rac8 15.
Qd1 Nxe5 16. fxe5 Nd7 17. e4 f6 18. exf6 Nxf6 19. e5 Nd7 20. Qg4 Rxf1+ 21. Rxf1
Rf8 22. Nf3 Rf7 23. Ng5 Rxf1+ 24. Kxf1 Nf8 25. h4 h6 26. Nf3 Kg7 27. Qf4 Qf7
28. Qg4 Bc8 29. Kg1 Bd7 30. Nh2 Qe7 31. g3 h5 32. Qe2 Bc8 33. Kg2 Bb7 34. Kh3
Bc8 35. g4 hxg4+ 36. Nxg4 Nh7 37. Qe3 g5 38. Bxh7 Kxh7 39. Nf6+ 1-0

[Event "Plzen, JF D"]
[Site "?"]
[Date "1999.??.??"]
[Round "5.10"]
[White "Lener, J."]
[Black "Horyna, J."]
[Result "0-1"]
[WhiteElo "1783"]
[BlackElo "1831"]
[PlyCount "187"]
[EventDate "1999.??.??"]
[Source "ChessBase"]
[SourceDate "1996.11.15"]

1. Nf3 g6 2. g3 Bg7 3. Bg2 c5 4. d4 cxd4 5. Nxd4 Nc6 6. e3 Qb6 7. Nb3 Nf6 8.
Nc3 O-O 9. O-O d6 10. h3 a5 11. a4 Be6 12. Nd4 Bc4 13. Re1 Rac8 14. Ndb5 Nb4
15. e4 Bxb5 16. axb5 Nd7 17. Be3 Qc7 18. Bd2 Ne5 19. Nd5 Nxd5 20. exd5 Qxc2 21.
Bxa5 Qxb2 22. Rb1 Qc2 23. Rc1 Qxd1 24. Rexd1 Bh6 25. f4 Nc4 26. Bd2 Nxd2 27.
Rxc8 Rxc8 28. Rxd2 Rc3 29. Kf2 f5 30. Ra2 Kf7 31. Ra7 b6 32. Ra6 Bg7 33. Ra4
Rb3 34. Bf1 Bc3 35. Be2 Bb4 36. Ra2 Bc5+ 37. Kg2 Rb4 38. Rd2 Kf6 39. Kf3 Rb3+
40. Kg2 Rb1 41. Rd1 Rb2 42. Kf3 e5 43. dxe6 Kxe6 44. Bc4+ Kf6 45. Be2 Rb4 46.
Bf1 Re4 47. Rd2 Ke6 48. Re2 d5 49. Rd2 h6 50. h4 Kd6 51. Rd3 Re1 52. Be2 Rc1
53. Rd1 Rc3+ 54. Rd3 Rc2 55. Rd1 Bb4 56. Rd3 h5 57. Rd1 Rc3+ 58. Rd3 Rxd3+ 59.
Bxd3 Kc5 60. Ke2 Kd4 61. Bc2 Kc3 62. Bd3 Bc5 63. Bb1 Kb3 64. Bd3 Bg1 65. Kf1
Kc3 66. Bb1 Bc5 67. Ke2 d4 68. Bd3 Ba3 69. Bb1 Bc1 70. Bd3 Be3 71. Bb1 Bg1 72.
Kd1 Bh2 73. Ba2 Bxg3 74. Bf7 Bxf4 75. Bxg6 Bg3 76. Bxf5 Bxh4 77. Bg6 Kb4 78.
Kc2 Bf2 79. Bxh5 Kxb5 80. Be2+ Kb4 81. Kb2 Bh4 82. Bd3 Be1 83. Be2 Bc3+ 84. Ka2
b5 85. Bd3 Bd2 86. Kb2 Bf4 87. Be2 Kc5 88. Kb3 Bd2 89. Bd3 b4 90. Bc4 Kd6 91.
Bd3 Ke5 92. Kc4 Bc3 93. Kb3 Kf4 94. Kc4 0-1

[Event "Plzen, JF D"]
[Site "?"]
[Date "1999.??.??"]
[Round "5.11"]
[White "Konig, V."]
[Black "Endler, B."]
[Result "1/2-1/2"]
[WhiteElo "1649"]
[BlackElo "1766"]
[PlyCount "76"]
[EventDate "1999.??.??"]
[Source "ChessBase"]
[SourceDate "1996.11.15"]

1. e4 d5 2. exd5 Nf6 3. c4 c6 4. d4 cxd5 5. Nc3 Nc6 6. Nf3 e6 7. Be2 dxc4 8.
Bxc4 Be7 9. Be3 O-O 10. O-O Nb4 11. Re1 Nbd5 12. Bg5 Nxc3 13. bxc3 Qc7 14. Qd3
b6 15. Bb3 Bb7 16. Bc2 g6 17. Ne5 Nd5 18. Bh6 Rfd8 19. Bd2 Rac8 20. c4 Nb4 21.
Bxb4 Bxb4 22. Re3 Bf8 23. Bb3 Bg7 24. f4 Qd6 25. Rd1 Qa3 26. Qe2 Bxe5 27. Rxe5
a5 28. Qc2 Qb4 29. Rb5 Qd6 30. Re5 Ba6 31. c5 bxc5 32. dxc5 Qxd1+ 33. Qxd1
Rxd1+ 34. Bxd1 Kf8 35. Bf3 Bc4 36. c6 Bxa2 37. Rxa5 Bd5 38. Bxd5 exd5 1/2-1/2

[Event "Plzen, JF D"]
[Site "?"]
[Date "1999.??.??"]
[Round "5.12"]
[White "Strejcek, P."]
[Black "Oskrobany, E."]
[Result "1/2-1/2"]
[WhiteElo "1543"]
[BlackElo "1527"]
[PlyCount "89"]
[EventDate "1999.??.??"]
[Source "ChessBase"]
[SourceDate "1996.11.15"]

1. d4 Nf6 2. c4 g6 3. Nc3 e6 4. e4 d5 5. e5 Ne4 6. Nxe4 dxe4 7. g3 b6 8. Bg2
Bb7 9. Ne2 Bg7 10. Be3 O-O 11. Qc2 Nd7 12. Bxe4 Bxe4 13. Qxe4 Qe7 14. O-O Rab8
15. b3 c5 16. Rad1 f5 17. exf6 Bxf6 18. dxc5 Nxc5 19. Qc2 Bg7 20. Nc3 Rf5 21.
Ne4 Nxe4 22. Qxe4 Rbf8 23. Qc2 Kh8 24. Rd3 e5 25. Rfd1 R5f7 26. Qd2 Qf6 27. Rd7
Qe6 28. Rxf7 Qxf7 29. Qd7 Kg8 30. Qxf7+ Rxf7 31. Rd8+ Rf8 32. Rxf8+ Bxf8 33.
Bg5 Kf7 34. Kf1 Ke6 35. f3 Kf5 36. Bd8 Bc5 37. Ke2 a5 38. h3 h5 39. Kf1 e4 40.
fxe4+ Kxe4 41. Ke2 Bd4 42. Bc7 Bc5 43. Bd8 Bd4 44. Bg5 Bc5 45. Bd8 1/2-1/2

[Event "Plzen, JF D"]
[Site "?"]
[Date "1999.??.??"]
[Round "6.1"]
[White "Mencl, S."]
[Black "Adamek, F."]
[Result "1/2-1/2"]
[WhiteElo "1634"]
[BlackElo "1961"]
[PlyCount "96"]
[EventDate "1999.??.??"]
[Source "ChessBase"]
[SourceDate "1996.11.15"]

1. e4 c5 2. Nf3 e6 3. d4 cxd4 4. Nxd4 Nf6 5. Nc3 d6 6. Bb5+ Bd7 7. Bxd7+ Nbxd7
8. O-O a6 9. Nf3 Qc7 10. Bf4 b5 11. Qe2 Rc8 12. Rac1 Be7 13. Rfd1 e5 14. Bg5
Qb7 15. Bxf6 Nxf6 16. Nd5 Nxd5 17. Rxd5 O-O 18. Rcd1 f5 19. exf5 Rxf5 20. c3
Rcf8 21. Qd3 Qc8 22. Re1 g5 23. Re2 Qc6 24. Qe4 Rf4 25. Qe3 R8f5 26. Qd2 Kf7
27. b3 g4 28. Ne1 Ke6 29. Rd3 Bg5 30. Qc2 Ke7 31. g3 Re4 32. Ng2 Rxe2 33. Qxe2
h5 34. Qc2 Qe4 35. Rd2 Qxc2 36. Rxc2 d5 37. Kf1 Kd6 38. Ke2 Rf7 39. Ne3 Rf3 40.
Ng2 Rf7 41. Ne3 d4 42. cxd4 exd4 43. Ng2 Kd5 44. Rc8 d3+ 45. Kxd3 Rxf2 46. Rc2
Rf3+ 47. Ke2 Bf6 48. Nf4+ Ke4 1/2-1/2

[Event "Plzen, JF D"]
[Site "?"]
[Date "1999.??.??"]
[Round "6.2"]
[White "Fuchs, F."]
[Black "Cap, J."]
[Result "1/2-1/2"]
[WhiteElo "1937"]
[BlackElo "1830"]
[PlyCount "43"]
[EventDate "1999.??.??"]
[Source "ChessBase"]
[SourceDate "1996.11.15"]

1. c4 Nf6 2. Nc3 c6 3. e4 d6 4. d4 g6 5. f4 Bg7 6. e5 dxe5 7. fxe5 Nfd7 8. c5
O-O 9. Nf3 b6 10. cxb6 Nxb6 11. Be2 Nd5 12. O-O Nd7 13. Nxd5 cxd5 14. Be3 Nb6
15. Rc1 Bg4 16. Rc5 Bxf3 17. Bxf3 e6 18. Qc2 Rc8 19. b4 Nc4 20. Bc1 a5 21. Rxc8
Qxc8 22. Qb3 1/2-1/2

[Event "Plzen, JF D"]
[Site "?"]
[Date "1999.??.??"]
[Round "6.3"]
[White "Jirusek, Z."]
[Black "Dolezal, Ru"]
[Result "1-0"]
[WhiteElo "1821"]
[BlackElo "1604"]
[PlyCount "97"]
[EventDate "1999.??.??"]
[Source "ChessBase"]
[SourceDate "1996.11.15"]

1. e4 c5 2. Nf3 d6 3. d4 cxd4 4. Qxd4 Nf6 5. Bb5+ Bd7 6. Bxd7+ Nbxd7 7. O-O g6
8. e5 dxe5 9. Nxe5 Nxe5 10. Qxe5 Bg7 11. Qb5+ Qd7 12. Qxd7+ Nxd7 13. c3 O-O 14.
Bg5 f6 15. Be3 Ne5 16. Na3 a6 17. Bc5 Rfe8 18. Rad1 Rac8 19. Bb6 Rc6 20. Be3
Ng4 21. Rd7 Nxe3 22. fxe3 b5 23. Nc2 Rd6 24. Rd1 Rxd1+ 25. Rxd1 e5 26. Kf1 Bf8
27. Rd7 Re7 28. Rd6 b4 29. Nxb4 Rb7 30. Rxa6 Bxb4 31. cxb4 Rxb4 32. b3 f5 33.
Ke2 Rb7 34. Kd3 Kf7 35. Kc4 g5 36. g3 Rd7 37. a4 f4 38. gxf4 gxf4 39. exf4 exf4
40. Rh6 Kg7 41. Rh3 Kg6 42. Rd3 Re7 43. b4 Kg5 44. a5 Kg4 45. h3+ Kh4 46. b5
Re3 47. Rxe3 fxe3 48. Kd3 Kxh3 49. Kxe3 1-0

[Event "Plzen, JF D"]
[Site "?"]
[Date "1999.??.??"]
[Round "6.4"]
[White "Rerabek, J."]
[Black "Liska, J."]
[Result "0-1"]
[WhiteElo "1579"]
[BlackElo "1935"]
[PlyCount "43"]
[EventDate "1999.??.??"]
[Source "ChessBase"]
[SourceDate "1996.11.15"]

1. e4 Nf6 2. e5 Nd5 3. d4 d6 4. c4 Nb6 5. exd6 exd6 6. Nc3 Nc6 7. d5 Ne5 8. b3
Qf6 9. Bb2 Bg4 10. Be2 Bf5 11. Nb5 Qe7 12. Nd4 Be4 13. f3 Bg6 14. Nh3 Nd3+ 15.
Kf1 Nxb2 16. Qd2 N2xc4 17. bxc4 O-O-O 18. Kf2 Qd7 19. Rhc1 Be7 20. Kg1 Bf6 21.
Nf2 Rhe8 22. Bd3 0-1

[Event "Plzen, JF D"]
[Site "?"]
[Date "1999.??.??"]
[Round "6.5"]
[White "Studnicka, J."]
[Black "Kasik, M."]
[Result "1/2-1/2"]
[WhiteElo "1869"]
[BlackElo "1250"]
[PlyCount "50"]
[EventDate "1999.??.??"]
[Source "ChessBase"]
[SourceDate "1996.11.15"]

1. d4 Nf6 2. Nf3 d5 3. e3 e6 4. c4 Be7 5. Nc3 O-O 6. Bd3 c5 7. cxd5 cxd4 8.
exd4 Nxd5 9. O-O Nc6 10. a3 Bf6 11. Bc2 Nxc3 12. bxc3 b6 13. Qd3 g6 14. Bh6 Re8
15. Ba4 Bb7 16. Rad1 Qd5 17. c4 Qh5 18. Qe3 Red8 19. Bf4 Ne7 20. Ne5 g5 21. Bg3
Nf5 22. Qe1 Nxd4 23. f3 Nf5 24. Nd7 Be7 25. Be5 Qh6 1/2-1/2

[Event "Plzen, JF D"]
[Site "?"]
[Date "1999.??.??"]
[Round "6.6"]
[White "Zvolanek, J."]
[Black "Orlicek, K."]
[Result "1-0"]
[WhiteElo "1666"]
[BlackElo "1674"]
[PlyCount "49"]
[EventDate "1999.??.??"]
[Source "ChessBase"]
[SourceDate "1996.11.15"]

1. e4 d5 2. exd5 Qxd5 3. Nc3 Qa5 4. d4 c6 5. Bc4 Nf6 6. Nf3 Ne4 7. Ne5 e6 8.
Qf3 Nf6 9. Bd2 Qc7 10. O-O-O Nbd7 11. Qe2 Nxe5 12. dxe5 Nd5 13. Kb1 Bd7 14. f4
Nxc3+ 15. Bxc3 g6 16. h4 O-O-O 17. h5 Be7 18. Rh3 g5 19. f5 h6 20. fxe6 Bxe6
21. Bxe6+ fxe6 22. Rf1 Rhf8 23. Rhf3 Rxf3 24. Qxf3 Rf8 25. Qxf8+ 1-0

[Event "Plzen, JF D"]
[Site "?"]
[Date "1999.??.??"]
[Round "6.7"]
[White "Smekal, Z."]
[Black "Simana, J."]
[Result "1-0"]
[WhiteElo "1894"]
[BlackElo "1684"]
[PlyCount "43"]
[EventDate "1999.??.??"]
[Source "ChessBase"]
[SourceDate "1996.11.15"]

1. d4 d5 2. c4 Nf6 3. cxd5 Nxd5 4. e4 Nb6 5. Nf3 Bg4 6. Be3 N8d7 7. Nc3 e5 8.
Be2 exd4 9. Nxd4 Bxe2 10. Qxe2 g6 11. O-O Bg7 12. Rac1 O-O 13. Rfd1 c6 14. a4
Qe7 15. f4 Nf6 16. Bf2 Rfe8 17. Bh4 Qc7 18. Qf3 a6 19. e5 Nfd5 20. Nxd5 Nxd5
21. Qxd5 Bxe5 22. fxe5 1-0

[Event "Plzen, JF D"]
[Site "?"]
[Date "1999.??.??"]
[Round "6.8"]
[White "Horyna, J."]
[Black "Konig, V."]
[Result "1-0"]
[WhiteElo "1831"]
[BlackElo "1649"]
[PlyCount "49"]
[EventDate "1999.??.??"]
[Source "ChessBase"]
[SourceDate "1996.11.15"]

1. c4 c6 2. Nc3 d5 3. e3 Bf5 4. d4 Nf6 5. Nf3 e6 6. Be2 Bd6 7. cxd5 cxd5 8. O-O
Nbd7 9. h3 h6 10. Nd2 Rc8 11. g4 Bh7 12. f4 g5 13. Nf3 Ne4 14. Nxe4 Bxe4 15.
Bd2 f5 16. Ne5 fxg4 17. Bxg4 O-O 18. Bxe6+ Kg7 19. Bxd7 Rc7 20. Bg4 Rc2 21. Rc1
Rxc1 22. Bxc1 gxf4 23. exf4 Bxe5 24. dxe5 Qh4 25. Qe1 1-0

[Event "Plzen, JF D"]
[Site "?"]
[Date "1999.??.??"]
[Round "6.9"]
[White "Endler, B."]
[Black "Fakan, P."]
[Result "1-0"]
[WhiteElo "1766"]
[BlackElo "1550"]
[PlyCount "45"]
[EventDate "1999.??.??"]
[Source "ChessBase"]
[SourceDate "1996.11.15"]

1. e4 e5 2. Nf3 Nc6 3. d4 exd4 4. Nxd4 Nf6 5. Nxc6 bxc6 6. Bd3 Bc5 7. O-O d5 8.
exd5 cxd5 9. Re1+ Be6 10. Bb5+ Nd7 11. Bc6 Bd6 12. Qxd5 O-O 13. Rxe6 Nf6 14.
Rxf6 Qxf6 15. Bxa8 Rd8 16. Qf3 Qd4 17. Nc3 Bb4 18. Be3 Qd7 19. Rd1 Qe7 20. Nd5
Qe6 21. g3 c5 22. Nc3 Qe7 23. Rxd8+ 1-0

[Event "Plzen, JF D"]
[Site "?"]
[Date "1999.??.??"]
[Round "6.10"]
[White "Beran, J."]
[Black "Drahorad, D."]
[Result "0-1"]
[WhiteElo "1550"]
[BlackElo "1720"]
[PlyCount "48"]
[EventDate "1999.??.??"]
[Source "ChessBase"]
[SourceDate "1996.11.15"]

1. d4 d5 2. c4 e6 3. Nf3 Nf6 4. Bf4 Bd6 5. Bxd6 cxd6 6. e3 dxc4 7. Bxc4 d5 8.
Bd3 O-O 9. O-O Nc6 10. a3 Re8 11. Nbd2 e5 12. dxe5 Nxe5 13. Nxe5 Rxe5 14. Nf3
Rh5 15. h3 Be6 16. Nd4 Qd6 17. f4 Re8 18. Qf3 Kh8 19. g4 Rh4 20. Nxe6 Qxe6 21.
Rae1 Ne4 22. Bxe4 dxe4 23. Qf2 Rxh3 24. Kg2 Qxg4+ 0-1

[Event "Plzen, JF D"]
[Site "?"]
[Date "1999.??.??"]
[Round "6.11"]
[White "Satanek, M."]
[Black "Cigan, K."]
[Result "0-1"]
[WhiteElo "1475"]
[BlackElo "1550"]
[PlyCount "64"]
[EventDate "1999.??.??"]
[Source "ChessBase"]
[SourceDate "1996.11.15"]

1. e4 d6 2. d4 g6 3. f4 Bg7 4. Nf3 Bg4 5. Be2 e6 6. O-O f5 7. e5 d5 8. Ng5 Bxe2
9. Qxe2 Qd7 10. c4 h6 11. Nf3 c6 12. Nc3 Bf8 13. cxd5 cxd5 14. Nh4 Kf7 15. Bd2
Be7 16. Nf3 a6 17. Rac1 Nc6 18. Na4 Nxd4 19. Qd1 Nxf3+ 20. Rxf3 Bd8 21. Rfc3
Ne7 22. Nc5 Bb6 23. Kh1 Bxc5 24. Rxc5 Rhc8 25. Ba5 Nc6 26. Qc2 Ke8 27. a4 d4
28. b4 d3 29. Qc3 d2 30. Rd1 Nxa5 31. bxa5 Rxc5 32. Qxc5 Rc8 0-1

[Event "Plzen, JF D"]
[Site "?"]
[Date "1999.??.??"]
[Round "6.12"]
[White "Strejcek, P."]
[Black "Lener, J."]
[Result "0-1"]
[WhiteElo "1543"]
[BlackElo "1783"]
[PlyCount "80"]
[EventDate "1999.??.??"]
[Source "ChessBase"]
[SourceDate "1996.11.15"]

1. e4 c5 2. Nf3 Nc6 3. d4 cxd4 4. Nxd4 g6 5. Nxc6 bxc6 6. c4 Bg7 7. Qc2 d6 8.
Bd3 Nf6 9. O-O O-O 10. Nc3 Ng4 11. h3 Ne5 12. Be2 Bb7 13. Be3 Ba6 14. b3 c5 15.
Rad1 Nc6 16. Bd3 Nb4 17. Qc1 Nc6 18. Bh6 Nd4 19. Bxg7 Kxg7 20. Rfe1 e5 21. Nd5
Bb7 22. Nc3 Bc6 23. Ne2 Ne6 24. Bc2 Qe7 25. Qd2 Rad8 26. a3 f5 27. exf5 gxf5
28. Ng3 Nd4 29. Ne2 Nxc2 30. Qxc2 Qg5 31. f3 Bxf3 32. Nc3 Bxd1 33. Rxd1 e4 34.
Nd5 Rfe8 35. Re1 Re5 36. Qf2 e3 37. Qf3 Rde8 38. Nc3 f4 39. Kh1 Qg3 40. Qb7+
R8e7 0-1

[Event "Plzen, JF D"]
[Site "?"]
[Date "1999.??.??"]
[Round "7.1"]
[White "Adamek, F."]
[Black "Jirusek, Z."]
[Result "1-0"]
[WhiteElo "1961"]
[BlackElo "1821"]
[PlyCount "143"]
[EventDate "1999.??.??"]
[Source "ChessBase"]
[SourceDate "1996.11.15"]

1. Nf3 f5 2. d4 Nf6 3. c4 d5 4. cxd5 Nxd5 5. Qb3 e6 6. e3 Bb4+ 7. Bd2 Qe7 8.
Bc4 Bxd2+ 9. Nbxd2 c6 10. Ne5 O-O 11. O-O Nd7 12. e4 Nxe5 13. dxe5 Nf4 14. Rfe1
b5 15. Bf1 a5 16. exf5 Rxf5 17. Qc2 Bb7 18. g3 Nd5 19. Bh3 Nb4 20. Qb3 a4 21.
Qa3 Rff8 22. Bxe6+ Qxe6 23. Qxb4 Rad8 24. Qc3 c5 25. Ne4 Qf5 26. f3 Bxe4 27.
Rxe4 Qxf3 28. Qxf3 Rxf3 29. e6 Re8 30. Rd1 c4 31. Rd5 b4 32. Rdd4 Rd3 33. Rxc4
Rd2 34. Rxb4 Rc8 35. Rec4 Re8 36. Rb6 a3 37. bxa3 g5 38. h4 h6 39. hxg5 hxg5
40. Rc5 Kh8 41. Rxg5 Rc8 42. Rb1 Rcc2 43. Rh5+ Kg7 44. e7 Re2 45. Rh2 Kf7 46.
Rf1+ Kxe7 47. Rxe2+ Rxe2 48. Rf2 Re3 49. Kg2 Rxa3 50. Kh3 Ke6 51. Kh4 Ra8 52.
g4 Rh8+ 53. Kg3 Ra8 54. g5 Ra4 55. g6 Ke7 56. g7 Ra8 57. Kf4 Kf7 58. Rg2 Kg8
59. Ke5 Ra3 60. Kd4 Ra7 61. Kc5 Ra3 62. Kb5 Ra8 63. a4 Rb8+ 64. Kc6 Rb3 65. Rg5
Rc3+ 66. Kb6 Rb3+ 67. Ka7 Rb1 68. a5 Rb3 69. Rg6 Re3 70. a6 Rb3 71. Rb6 Ra3 72.
Kb7 1-0

[Event "Plzen, JF D"]
[Site "?"]
[Date "1999.??.??"]
[Round "7.2"]
[White "Fuchs, F."]
[Black "Zvolanek, J."]
[Result "1-0"]
[WhiteElo "1937"]
[BlackElo "1666"]
[PlyCount "64"]
[EventDate "1999.??.??"]
[Source "ChessBase"]
[SourceDate "1996.11.15"]

1. c4 c5 2. Nc3 Nf6 3. g3 d5 4. cxd5 Nxd5 5. Bg2 Nc7 6. Nf3 Nc6 7. O-O e5 8. b3
Be7 9. Bb2 Bf5 10. d3 O-O 11. Nd2 Qd7 12. Re1 Rfd8 13. Nc4 f6 14. Rc1 Rab8 15.
Qd2 b5 16. Ne3 Bh3 17. Bh1 Be6 18. Qd1 Nd4 19. Ne4 Na6 20. Nd2 Rbc8 21. a4 Rb8
22. axb5 Qxb5 23. Bxd4 exd4 24. Nec4 Nb4 25. Ra1 a6 26. Qc1 Bd5 27. Bxd5+ Nxd5
28. Ra5 Qb7 29. Qa3 Nb4 30. Qa4 Rd5 31. Nf3 Kf7 32. Rc1 Qd7 1-0

[Event "Plzen, JF D"]
[Site "?"]
[Date "1999.??.??"]
[Round "7.3"]
[White "Cap, J."]
[Black "Mencl, S."]
[Result "1/2-1/2"]
[WhiteElo "1830"]
[BlackElo "1634"]
[PlyCount "81"]
[EventDate "1999.??.??"]
[Source "ChessBase"]
[SourceDate "1996.11.15"]

1. e4 e5 2. Nf3 Nc6 3. Bb5 a6 4. Ba4 Nf6 5. c3 Be7 6. Bc2 d6 7. h3 O-O 8. O-O
Re8 9. d4 b5 10. d5 Na5 11. Re1 Bd7 12. Nbd2 c5 13. b3 Rf8 14. Nf1 c4 15. b4
Nb7 16. Be3 Qc8 17. Ng3 Ne8 18. Ng5 Bxg5 19. Bxg5 Nd8 20. Be7 f6 21. Bxf8 Kxf8
22. a4 g6 23. Qd2 Nf7 24. Qe3 Ng7 25. axb5 axb5 26. Ra5 Rxa5 27. bxa5 Qa6 28.
Ra1 Ne8 29. Bd1 Bc8 30. Bg4 Bb7 31. Ne2 h5 32. Be6 Nc7 33. Bxf7 Kxf7 34. Qb6
Na8 35. Qd8 Bc8 36. Qh8 f5 37. Qh7+ Kf6 38. Qh8+ Kf7 39. Qh7+ Kf6 40. Qh6 Kf7
41. Qh7+ 1/2-1/2

[Event "Plzen, JF D"]
[Site "?"]
[Date "1999.??.??"]
[Round "7.4"]
[White "Liska, J."]
[Black "Studnicka, J."]
[Result "1-0"]
[WhiteElo "1935"]
[BlackElo "1250"]
[PlyCount "67"]
[EventDate "1999.??.??"]
[Source "ChessBase"]
[SourceDate "1996.11.15"]

1. c4 e5 2. Nc3 g6 3. Nf3 Bg7 4. d4 exd4 5. Nxd4 Qh4 6. e3 c6 7. g3 Qe7 8. Bg2
Nf6 9. O-O O-O 10. a3 a5 11. Bd2 d6 12. b4 axb4 13. axb4 Rxa1 14. Qxa1 c5 15.
bxc5 dxc5 16. Ndb5 Be6 17. Qa2 Na6 18. Qb3 Nb4 19. e4 Qd7 20. Nd5 Nbxd5 21.
cxd5 Bh3 22. f3 Bxg2 23. Kxg2 Ra8 24. Be3 b6 25. Nc3 Ne8 26. Rc1 Nd6 27. Bf4
Bxc3 28. Rxc3 Nb5 29. Rd3 Ra3 30. Qb1 Rxd3 31. Qxd3 Nd4 32. Qa6 Qd8 33. Qb7 Qf6
34. Qb8+ 1-0

[Event "Plzen, JF D"]
[Site "?"]
[Date "1999.??.??"]
[Round "7.5"]
[White "Kasik, M."]
[Black "Smekal, Z."]
[Result "1/2-1/2"]
[WhiteElo "1869"]
[BlackElo "1894"]
[PlyCount "68"]
[EventDate "1999.??.??"]
[Source "ChessBase"]
[SourceDate "1996.11.15"]

1. e4 e5 2. Nf3 Nc6 3. Bb5 a6 4. Ba4 Nf6 5. O-O Nxe4 6. Re1 Nc5 7. Bxc6 dxc6 8.
Nxe5 Be7 9. d4 Ne6 10. Be3 O-O 11. c3 f6 12. Nd3 f5 13. f4 g5 14. Nd2 g4 15.
Nb3 Bh4 16. g3 Bf6 17. Bf2 b6 18. Ne5 Qd6 19. c4 Bb7 20. Qe2 Rfe8 21. Rad1 Rad8
22. Qc2 Ng7 23. Rd2 a5 24. Red1 Kf8 25. Re1 Kg8 26. Rde2 Kf8 27. Nd2 c5 28. d5
c6 29. Nxc6 Bxc6 30. dxc6 Qxc6 31. Rxe8+ Rxe8 32. Rxe8+ Kxe8 33. b3 Qd7 34. Nf1
Bd4 1/2-1/2

[Event "Plzen, JF D"]
[Site "?"]
[Date "1999.??.??"]
[Round "7.6"]
[White "Dolezal, Ru"]
[Black "Horyna, J."]
[Result "0-1"]
[WhiteElo "1604"]
[BlackElo "1831"]
[PlyCount "42"]
[EventDate "1999.??.??"]
[Source "ChessBase"]
[SourceDate "1996.11.15"]

1. e4 e6 2. f4 d5 3. exd5 exd5 4. d4 Nf6 5. Nf3 Bg4 6. Nc3 Bb4 7. h3 Qe7+ 8.
Qe2 Bxf3 9. Qxe7+ Kxe7 10. gxf3 Re8 11. Kf2 a6 12. a3 Bd6 13. Rg1 Kf8 14. f5 c5
15. Be3 Nc6 16. Ne2 cxd4 17. Nxd4 Rxe3 18. Kxe3 Re8+ 19. Kd3 Ne5+ 20. Kc3 Bc5
21. Re1 Bxd4+ 0-1